Hodnota značky vybraného influencera diplomová práca

Na minha lista:
Detalhes bibliográficos
Autor principal: Bochničková, Nikola
Autor Corporativo: Obchodná fakulta EU. Katedra marketingu
Outros Autores: Klepochová, Dagmar, 1968-
Formato: Livro
Idioma:eslovaco
Publicado em: Bratislava 2024
Tags: Adicionar Tag
Sem tags, seja o primeiro a adicionar uma tag!

MARC

LEADER 00000nbm a2200000 4500
001 0302097
005 20250625092918.8
041 0 |a slo 
044 |a SK 
245 1 0 |a Hodnota značky vybraného influencera  |b diplomová práca  |c Nikola Bochničková ; školiteľ: Dagmar Klepochová 
264 1 |a Bratislava  |c 2024 
300 |a 68 s. 
100 1 |a Bochničková, Nikola 
700 1 |a Klepochová, Dagmar, 1968- 
710 2 |a Obchodná fakulta EU. Katedra marketingu